000 00508nam a2200157Ia 4500
008 210716s2017 xx 000 0 und d
020 _a9781787121393
041 _aeng
082 _a005.132 MILJ
100 _aMiller, James D; Forte, Rui Miguel.
245 _aMastering predictive analytics with R: machine learning techniques for advanced models.
_bMachine learning techniques for advanced models.
250 _a2
260 _aMumbai
_bPackt Publishing Ltd
_c2017
300 _axv,421
650 _aNone
999 _c196832
_d196832